header

Contaminated sites remediation : (Record no. 83423)

MARC details
000 -LEADER
fixed length control field 02367nam a2200409 i 4500
001 - CONTROL NUMBER
control field ebr10827118
003 - CONTROL NUMBER IDENTIFIER
control field CaPaEBR
006 - FIXED-LENGTH DATA ELEMENTS--ADDITIONAL MATERIAL CHARACTERISTICS--GENERAL INFORMATION
fixed length control field m o d
007 - PHYSICAL DESCRIPTION FIXED FIELD--GENERAL INFORMATION
fixed length control field cr cn|||||||||
008 - FIXED-LENGTH DATA ELEMENTS--GENERAL INFORMATION
fixed length control field 140120t20122012sz a ob 001 0 eng d
020 ## - INTERNATIONAL STANDARD BOOK NUMBER
Cancelled/invalid ISBN 9783037853221
International Standard Book Number 9783038137757 (e-book)
040 ## - CATALOGING SOURCE
Original cataloging agency CaPaEBR
Language of cataloging eng
Description conventions rda
-- pn
Transcribing agency CaPaEBR
035 ## - SYSTEM CONTROL NUMBER
System control number (OCoLC)874147193
050 14 - LIBRARY OF CONGRESS CALL NUMBER
Classification number TD1052
Item number .I584 2012eb
082 04 - DEWEY DECIMAL CLASSIFICATION NUMBER
Classification number 363.72878
Edition number 23
111 2# - MAIN ENTRY--MEETING NAME
Meeting name or jurisdiction name as entry element International Conference on Contaminated Sites Remediation 2011 International Forum
Date of meeting (2011 :
Location of meeting Chongqing, China)
245 10 - TITLE STATEMENT
Title Contaminated sites remediation :
Remainder of title selected, peer reviewed papers from the International Conference on Contaminated Sites Remediation 2011 International Forum (RCST 2011), October 25-27, 2011, Chongqing, China /
Statement of responsibility, etc edited by Dongwei Li.
264 #1 - PRODUCTION, PUBLICATION, DISTRIBUTION, MANUFACTURE, AND COPYRIGHT NOTICE
Place of production, publication, distribution, manufacture Zurich, Switzerland :
Name of producer, publisher, distributor, manufacturer Trans Tech Publications,
Date of production, publication, distribution, manufacture, or copyright notice 2012.
Date of production, publication, distribution, manufacture, or copyright notice �2012
300 ## - PHYSICAL DESCRIPTION
Extent 1 online resource (360 pages) :
Other physical details illustrations (some color).
336 ## - CONTENT TYPE
Content type term text
Source rdacontent
337 ## - MEDIA TYPE
Media type term computer
Source rdamedia
338 ## - CARRIER TYPE
Carrier type term online resource
Source rdacarrier
490 1# - SERIES STATEMENT
Series statement Advanced Materials Research,
International Standard Serial Number 1022-6680 ;
Volume number/sequential designation Volume 414
504 ## - BIBLIOGRAPHY, ETC. NOTE
Bibliography, etc Includes bibliographical references at the end of each chapters and indexes.
588 ## - SOURCE OF DESCRIPTION NOTE
Source of description note Description based on print version record.
590 ## - LOCAL NOTE (RLIN)
Local note Electronic reproduction. Palo Alto, Calif. : ebrary, 2014. Available via World Wide Web. Access may be limited to ebrary affiliated libraries.
650 #0 - SUBJECT ADDED ENTRY--TOPICAL TERM
Topical term or geographic name as entry element Hazardous waste site remediation
Form subdivision Congresses.
Topical term or geographic name as entry element Hazardous waste sites
Form subdivision Congresses.
655 #0 - INDEX TERM--GENRE/FORM
Genre/form data or focus term Electronic books.
700 1# - ADDED ENTRY--PERSONAL NAME
Personal name Li, Dongwei.
776 08 - ADDITIONAL PHYSICAL FORM ENTRY
Display text Print version:
Main entry heading International Conference on Contaminated Sites Remediation 2011 International Forum (2011 : Chongqing, China)
Title Contaminated sites remediation : selected, peer reviewed papers from the International Conference on Contaminated Sites Remediation 2011 International Forum (RCST 2011), October 25-27, 2011, Chongqing, China.
Place, publisher, and date of publication Zurich, Switzerland : Trans Tech Publications, c2012
Physical description x, 353 pages
Series data for related item Advanced materials research ; Volume 414.
International Standard Serial Number 1022-6680
International Standard Book Number 9783037853221
Record control number 2012360808
797 2# - LOCAL ADDED ENTRY--CORPORATE NAME (RLIN)
Corporate name or jurisdiction name as entry element ebrary.
830 #0 - SERIES ADDED ENTRY--UNIFORM TITLE
Uniform title Advanced materials research ;
Volume number/sequential designation v. 414.
856 40 - ELECTRONIC LOCATION AND ACCESS
Uniform Resource Identifier <a href="http://site.ebrary.com/lib/rucke/Doc?id=10827118">http://site.ebrary.com/lib/rucke/Doc?id=10827118</a>
Public note An electronic book accessible through the World Wide Web; click to view

No items available.

© 2026 Rongo University
Contact us: librarian | system librarian | Rongo university